'Orange Is the New Black' Characters Quiz Stats

 Plays Quiz Updated Jul 11, 2015

Challenge
Share
Tweet
Embed
Score 0/30 Timer 05:00
1 Play Today
Actor Character % Correct
Taylor SchillingPiper Chapman
96.8%
Laura PreponAlex Vause
90.9%
Kate MulgrewGalina 'Red' Reznikov
89.2%
Uzo AdubaSuzanne 'Crazy Eyes' Warren
82.8%
Pablo SchreiberGeorge Mendez
75.2%
Jason BiggsLarry Bloom
73%
Dascha PolancoDayanara 'Daya' Diaz
71.8%
Danielle BrooksTaystee Jefferson
70%
Natasha LyonneNicky Nichols
69.9%
Samira WileyPoussey Washington
68.1%
Taryn ManningTiffany 'Pennsatucky' Doggett
65.9%
Michael J. HarneyMr. Healy
65%
Nick SandowJoseph 'Joe' Caputo
63.9%
Laverne CoxSophia Burset
61.8%
Yael StoneLorna Morello
61.7%
Actor Character % Correct
Matt McGorryJohn Bennett
61.4%
Lea DeLariaCarrie 'Big Boo' Black
59.8%
Selenis LeyvaGloria Mendoza
59.4%
Kimiko GlennBrook Soso
55%
Ruby RoseStella Carlin
52.4%
Annie GoldenNorma Romano
45.5%
Constance ShulmanYoga Jones
41.3%
Lorraine ToussaintYvonne 'Vee' Parker
40.1%
Lori Tan ChinnMei Chang
40%
Maria DizziaPolly Harper
38.3%
Michelle HurstMiss Claudette
37.4%
Beth FowlerSister Jane Ingalls
37.3%
Lori PettyLolly Whitehill
35.9%
Madeline BrewerTricia Miller
31.5%
Barbara RosenblatRosa Cisneros
26.7%

You're not logged in!

Compare scores with friends on all Sporcle quizzes.
Join for Free
OR
Log In

You Might Also Like...

Show Comments

Extras

Top Quizzes Today


Score Distribution

Your Account Isn't Verified!

In order to create a playlist on Sporcle, you need to verify the email address you used during registration. Go to your Sporcle Settings to finish the process.

Report this User

Report this user for behavior that violates our Community Guidelines.

Details: